Normal view
MARC view
Entry Personal Name
001 - CONTROL NUMBER
- control field: 30670
003 - CONTROL NUMBER IDENTIFIER
- control field: OSt
005 - DATE AND TIME OF LATEST TRANSACTION
- control field: 20160109173819.0
008 - FIXED-LENGTH DATA ELEMENTS
- fixed length control field: 160109|| aca||aabn | a|a d
040 ## - CATALOGING SOURCE
- Original cataloging agency: OSt
- Transcribing agency: OSt
100 ## - HEADING--PERSONAL NAME
- Personal name: Singh, Dr Nihar Nandan
670 ## - SOURCE DATA FOUND
- Source citation: Work cat.: (OSt)34194: Singh, Dr Nihar Nandan, Lokamanya Bal Gangadhar Tilak, 1985









